[Event "59th ch-USA w 2019"]
[Site "Saint Louis USA"]
[Date "2019.03.20"]
[Round "1.2"]
[White "Zatonskih, Anna"]
[Black "Gorti, Akshita"]
[Result "1-0"]
[WhiteTitle "IM"]
[BlackTitle "FM"]
[WhiteElo "2430"]
[BlackElo "2272"]
[WhiteFideId "14101572"]
[BlackFideId "2072505"]
[EventDate "2019.03.20"]

1. d4 Nf6 2. c4 e6 3. Nf3 b6 4. g3 Bb7 5. Bg2 Be7 6. O-O O-O 7. Re1 Na6 8. a3 c5
9. d5 exd5 10. Nh4 Nc7 11. Nc3 Ne4 12. Nxd5 Nxd5 13. cxd5 Bxh4 14. Bxe4 Be7 15.
Qc2 h6 16. Bg2 d6 17. e4 Re8 18. Be3 Qd7 19. f4 Bf6 20. Bf2 Rad8 21. Rad1 Ba6
22. h3 h5 23. Kh2 g6 24. Be3 Bg7 25. Bd2 Bc8 26. Bc3 Bxc3 27. Qxc3 Qe7 28. e5 h4
29. Rd2 dxe5 30. fxe5 Qg5 31. Rd3 Bf5 32. gxh4 Qxh4 33. Rde3 Qd4 34. Qc1 Qf4+
35. Kh1 Qf2 36. Rf1 Qc2 37. Qxc2 Bxc2 38. Kh2 Bf5 39. Kg3 Kg7 40. Rc1 a5 41. a4
Bd7 42. b3 Bc8 43. h4 Bb7 44. Rd1 Rd7 45. Bf3 Rdd8 46. Re2 Ba6 47. Ree1 Bb7 48.
Kf4 Rh8 49. Rh1 Bc8 50. h5 Bf5 51. hxg6 Rxh1 52. Rxh1 Bxg6 53. Be4 Re8 54. Bxg6
fxg6 55. Ke4 g5 56. d6 1-0

[Event "59th ch-USA w 2019"]
[Site "Saint Louis USA"]
[Date "2019.03.20"]
[Round "1.3"]
[White "Abrahamyan, Tatev"]
[Black "Feng, Maggie"]
[Result "0-1"]
[WhiteTitle "WGM"]
[BlackTitle "FM"]
[WhiteElo "2377"]
[BlackElo "2199"]
[WhiteFideId "13301918"]
[BlackFideId "2078090"]
[EventDate "2019.03.20"]

1. e4 e6 2. d4 d5 3. Nc3 Bb4 4. e5 Ne7 5. a3 Bxc3+ 6. bxc3 c5 7. Qg4 O-O 8. Bd3
Nbc6 9. Qh5 Ng6 10. Nf3 Qc7 11. Be3 c4 12. Bxg6 fxg6 13. Qg4 Qf7 14. Ng5 Qe8 15.
h4 h6 16. Nh3 b5 17. Nf4 Ne7 18. a4 bxa4 19. Bc1 Qf7 20. Rxa4 Qf5 21. Qxf5 gxf5
22. Ba3 Re8 23. Bxe7 Rxe7 24. Kd2 a5 25. Rb1 Rea7 26. h5 Kf7 27. f3 Bd7 28. Ra3
a4 29. g4 fxg4 30. fxg4 Kg8 31. Ke3 Ra6 32. Rg1 Rb8 33. g5 hxg5 34. Rxg5 Kh7 35.
Rg6 Rbb6 36. Rg1 Be8 37. Ng6 Rb7 38. Nf8+ Kh6 39. Ng6 Rf7 40. Nf4 Rf5 41. Rb1
Bxh5 42. Rb8 Kg5 43. Nxh5 Kxh5 44. Rb7 Rg5 45. Rb4 Rg2 46. Rb7 g5 47. Ra1 Rxc2
48. Rg7 Rxc3+ 49. Ke2 Kg4 0-1

[Event "59th ch-USA w 2019"]
[Site "Saint Louis USA"]
[Date "2019.03.20"]
[Round "1.4"]
[White "Eswaran, Ashritha"]
[Black "Wang, Annie"]
[Result "0-1"]
[WhiteTitle "WIM"]
[BlackTitle "FM"]
[WhiteElo "2234"]
[BlackElo "2304"]
[WhiteFideId "2080788"]
[BlackFideId "2053900"]
[EventDate "2019.03.20"]

1. e4 c5 2. Ne2 d6 3. g3 Nf6 4. Bg2 Nc6 5. c3 d5 6. exd5 Nxd5 7. d4 e6 8. O-O
Be7 9. a4 O-O 10. Na3 cxd4 11. Nxd4 Bf6 12. Nac2 Nce7 13. f4 Qc7 14. Qf3 Bd7 15.
Kh1 g6 16. Bd2 Rac8 17. Qf2 a6 18. Ne1 Nc6 19. Ndf3 Na5 20. Nd3 Nb3 21. Ra3 Nxd2
22. Nxd2 Bc6 23. Ne4 Bg7 24. Nec5 Nb6 25. Raa1 Rfd8 26. Rfd1 Nc4 27. Ne4 b6 28.
Nb4 Bb7 29. Qe2 a5 30. Nd3 Bc6 31. Ndf2 Bd5 32. Ng5 Bxg2+ 33. Kxg2 Qc6+ 34. Nf3
Rxd1 35. Nxd1 Rd8 36. Kg1 Bf8 37. Nd4 Bc5 38. Ne3 Rxd4 39. cxd4 Bxd4 40. Rc1 Qe4
41. Qxc4 Bxe3+ 42. Kf1 Qf3+ 0-1

[Event "59th ch-USA w 2019"]
[Site "Saint Louis USA"]
[Date "2019.03.20"]
[Round "1.5"]
[White "Sharevich, Anna"]
[Black "Yu, Jennifer"]
[Result "0-1"]
[WhiteTitle "WGM"]
[BlackTitle "FM"]
[WhiteElo "2282"]
[BlackElo "2273"]
[WhiteFideId "13503189"]
[BlackFideId "2078341"]
[EventDate "2019.03.20"]

1. d4 d5 2. c4 e6 3. Nf3 Nf6 4. Nbd2 Be7 5. g3 O-O 6. Bg2 b6 7. cxd5 exd5 8. O-O
Bb7 9. Ne5 Nbd7 10. b3 Ne4 11. Nxe4 dxe4 12. Qc2 Nf6 13. Bb2 Bd6 14. Nc4 Re8 15.
Rac1 Qe7 16. Nxd6 cxd6 17. Qc7 Nd5 18. Qxe7 Rxe7 19. Ba3 Rd8 20. e3 b5 21. Rfe1
f5 22. f3 b4 23. Bb2 Ba6 24. fxe4 fxe4 25. a3 Bd3 26. axb4 Nxb4 27. Red1 Nc2 28.
Rd2 Nxe3 29. Bh3 g5 30. Re1 g4 31. Bg2 Nxg2 32. Kxg2 Rb7 33. d5 Rxb3 34. Bd4 a6
35. Rf2 Rf8 36. Rxf8+ Kxf8 37. Rc1 Be2 38. Rc8+ Ke7 39. Rc7+ Kd8 40. Rxh7 e3 41.
Rf7 Rd3 42. Bxe3 Rxe3 43. h4 Bf3+ 44. Kf2 Re2+ 45. Kf1 Re7 46. Rf8+ Kc7 47. Rf4
Kb6 0-1

[Event "59th ch-USA w 2019"]
[Site "Saint Louis USA"]
[Date "2019.03.20"]
[Round "1.6"]
[White "Yip, Carissa"]
[Black "Foisor, Sabina-Francesca"]
[Result "1-0"]
[WhiteTitle "FM"]
[BlackTitle "WGM"]
[WhiteElo "2279"]
[BlackElo "2276"]
[WhiteFideId "2090732"]
[BlackFideId "1212915"]
[EventDate "2019.03.20"]

1. e4 e5 2. Bc4 Nc6 3. Nc3 Nf6 4. d3 Bb4 5. Nf3 d6 6. a3 Bxc3+ 7. bxc3 Ne7 8.
O-O Ng6 9. Re1 O-O 10. h3 Be6 11. Bb3 c5 12. Rb1 Bxb3 13. cxb3 h6 14. b4 b6 15.
bxc5 dxc5 16. Qc2 Rc8 17. Be3 Nh5 18. Rbd1 Qf6 19. Kh2 Nhf4 20. Qa4 Rc7 21. d4
cxd4 22. cxd4 exd4 23. Bxd4 Qe6 24. Qb5 Rfc8 25. Ba1 Rc5 26. Qb2 f6 27. Nd4 Qf7
28. Nf5 Rc2 29. Qd4 Ne5 30. Qe3 Nfg6 31. Bxe5 Nxe5 32. Qg3 Qc7 33. f4 Rc3 34.
Re3 Rxe3 35. Nxe3 Nc4 36. Nxc4 Qxc4 37. Rd7 g5 38. fxg5 hxg5 39. Qg4 Rc7 40.
Rd8+ Kf7 41. Qh5+ Ke6 42. Qe8+ Re7 43. Qg8+ Rf7 44. Rc8 Qb5 45. Re8+ Qxe8 46.
Qxe8+ Re7 47. Qc6+ Kf7 48. Kg3 Kg6 49. Kf3 Kg7 50. Qd6 Kf7 51. g3 Re5 52. Qd7+
Re7 53. Qd5+ Kg7 54. h4 gxh4 55. gxh4 Rc7 56. Kg4 Re7 57. Kf4 Rf7 58. h5 Rc7 59.
Qf5 1-0

[Event "59th ch-USA w 2019"]
[Site "Saint Louis USA"]
[Date "2019.03.21"]
[Round "2.2"]
[White "Abrahamyan, Tatev"]
[Black "Zatonskih, Anna"]
[Result "1/2-1/2"]
[WhiteTitle "WGM"]
[BlackTitle "IM"]
[WhiteElo "2377"]
[BlackElo "2430"]
[WhiteFideId "13301918"]
[BlackFideId "14101572"]
[EventDate "2019.03.20"]

1. e4 e5 2. Nf3 Nf6 3. Nxe5 d6 4. Nf3 Nxe4 5. Nc3 Nf6 6. d4 Be7 7. Bg5 Nbd7 8.
Qd2 h6 9. Bf4 Nb6 10. d5 c6 11. dxc6 bxc6 12. Bd3 O-O 13. O-O Re8 14. Rfe1 Bd7
15. h3 Bf8 16. Rxe8 Qxe8 17. Re1 Qc8 18. Ne4 Nxe4 19. Bxe4 Qb7 20. b3 d5 21. Bd3
Re8 22. Rxe8 Bxe8 23. Qe2 Qa8 24. a4 Nd7 25. Nd4 Nc5 26. Nf5 Nxd3 27. Qxd3 Bd7
28. Ne3 Qb7 29. c4 dxc4 30. Nxc4 Be6 31. Be3 Bd5 1/2-1/2

[Event "59th ch-USA w 2019"]
[Site "Saint Louis USA"]
[Date "2019.03.21"]
[Round "2.3"]
[White "Yu, Jennifer"]
[Black "Eswaran, Ashritha"]
[Result "1-0"]
[WhiteTitle "FM"]
[BlackTitle "WIM"]
[WhiteElo "2273"]
[BlackElo "2234"]
[WhiteFideId "2078341"]
[BlackFideId "2080788"]
[EventDate "2019.03.20"]

1. d4 Nf6 2. Nf3 e6 3. c4 c5 4. d5 exd5 5. cxd5 d6 6. Nc3 g6 7. Bf4 a6 8. a4 Bg7
9. h3 O-O 10. e3 Nh5 11. Bh2 f5 12. Bd3 Qe7 13. O-O Nd7 14. Re1 Ne5 15. Be2 Nf7
16. a5 Bd7 17. Nd2 Nf6 18. Nc4 Ne4 19. Na4 Qh4 20. Rf1 Rae8 21. Nab6 Bb5 22. Qe1
Qe7 23. Ra3 Nf6 24. b4 Qc7 25. Rb3 g5 26. Qb1 Ne4 27. Rc1 Ne5 28. bxc5 Nxc4 29.
Bxc4 Be5 30. Bxe5 Rxe5 31. cxd6 Qxd6 32. Bxb5 axb5 33. Rxb5 Qh6 34. Nd7 Qh4 35.
Qb2 Re7 36. Nxf8 Kxf8 37. Rxb7 g4 38. Rc8+ Kf7 39. Rcc7 Rxc7 40. Rxc7+ 1-0

[Event "59th ch-USA w 2019"]
[Site "Saint Louis USA"]
[Date "2019.03.21"]
[Round "2.4"]
[White "Gorti, Akshita"]
[Black "Yip, Carissa"]
[Result "0-1"]
[WhiteTitle "FM"]
[BlackTitle "FM"]
[WhiteElo "2272"]
[BlackElo "2279"]
[WhiteFideId "2072505"]
[BlackFideId "2090732"]
[EventDate "2019.03.20"]

1. Nf3 Nf6 2. e3 g6 3. d4 Bg7 4. c4 O-O 5. Be2 d6 6. Nc3 c6 7. O-O a6 8. Qc2
Nbd7 9. Rd1 Qc7 10. b4 c5 11. bxc5 dxc5 12. d5 Ne5 13. Nxe5 Qxe5 14. f4 Qf5 15.
Bd3 Qh5 16. Bd2 e5 17. dxe6 Bxe6 18. Rab1 Rad8 19. Ne4 Nxe4 20. Bxe4 Qe2 21.
Bxb7 Bf5 22. e4 Bh3 23. e5 Bf5 0-1

[Event "59th ch-USA w 2019"]
[Site "Saint Louis USA"]
[Date "2019.03.21"]
[Round "2.5"]
[White "Feng, Maggie"]
[Black "Nguyen, Emily"]
[Result "1/2-1/2"]
[WhiteTitle "FM"]
[BlackTitle "WIM"]
[WhiteElo "2199"]
[BlackElo "2143"]
[WhiteFideId "2078090"]
[BlackFideId "2054000"]
[EventDate "2019.03.20"]

1. Nf3 d5 2. c4 c6 3. g3 Nf6 4. Bg2 g6 5. b3 Bg7 6. Bb2 O-O 7. O-O b5 8. Qc2
bxc4 9. bxc4 Nbd7 10. d3 Rb8 11. Nbd2 Bb7 12. Rab1 c5 13. cxd5 Bxd5 14. Nc4 Nb6
15. Nfd2 Nxc4 16. Nxc4 Bxg2 17. Kxg2 Qd5+ 18. f3 h5 19. Be5 Rb4 20. Bc3 Rbb8 21.
Rxb8 Rxb8 22. Rb1 Rxb1 23. Qxb1 Nd7 24. Bxg7 Kxg7 25. Qb2+ Kh7 26. Qa3 Nb6 27.
Qxa7 Nxc4 28. dxc4 Qxc4 29. Qxe7 Qxa2 30. Kf2 Qd5 31. Qf6 c4 32. Ke3 Kg8 33. Qd4
Qb5 34. Qc3 Qc5+ 35. Qd4 1/2-1/2

[Event "59th ch-USA w 2019"]
[Site "Saint Louis USA"]
[Date "2019.03.21"]
[Round "2.6"]
[White "Foisor, Sabina-Francesca"]
[Black "Sharevich, Anna"]
[Result "1/2-1/2"]
[WhiteTitle "WGM"]
[BlackTitle "WGM"]
[WhiteElo "2276"]
[BlackElo "2282"]
[WhiteFideId "1212915"]
[BlackFideId "13503189"]
[EventDate "2019.03.20"]

1. d4 d5 2. Bg5 c6 3. Nf3 Bf5 4. e3 Qb6 5. b3 Nf6 6. Bxf6 exf6 7. Bd3 Bxd3 8.
Qxd3 Na6 9. O-O Be7 10. c4 dxc4 11. bxc4 O-O 12. Nbd2 Rad8 13. Qb3 Qc7 14. c5 b6
15. Qa4 Nb8 16. cxb6 axb6 17. Rac1 Rd5 18. Qc2 Qa7 19. Nb3 Rfd8 20. e4 R5d7 21.
Qe2 Ba3 22. Rc3 Bb4 23. Re3 Qa6 24. Qc2 c5 25. d5 Re7 26. Nh4 g6 27. Qb2 Nd7 28.
f4 Rde8 29. Qc2 c4 30. Nd4 Bc5 31. Nhf3 b5 32. Rfe1 Qb6 33. Qd2 b4 34. Kh1 c3
35. Qd3 Ra8 36. Nc6 Ree8 37. R3e2 Nb8 38. Ncd4 Nd7 39. Nb3 Bf8 40. e5 fxe5 41.
fxe5 Nc5 42. Qd4 Qb5 43. e6 fxe6 44. dxe6 Nxb3 45. axb3 Bg7 46. Qd7 Qxd7 47.
exd7 Rxe2 48. Rxe2 Kf8 49. Ne1 Rd8 50. Re8+ Rxe8 51. dxe8=Q+ Kxe8 52. Kg1 Kd7
53. Kf2 Ke6 54. Ke3 Kd5 55. Nc2 Bf8 56. Kd3 Bc5 57. Ne1 g5 58. h3 Ke5 59. Nc2
Kf4 60. Ke2 Ke4 61. Ne1 Be7 62. Nc2 h5 63. Ne1 g4 64. hxg4 hxg4 65. Nc2 Kf4 66.
Ne1 Kg3 67. Kf1 Bc5 68. Nc2 Kf4 69. Ke2 Ke4 1/2-1/2

[Event "59th ch-USA w 2019"]
[Site "Saint Louis USA"]
[Date "2019.03.22"]
[Round "3.2"]
[White "Yip, Carissa"]
[Black "Abrahamyan, Tatev"]
[Result "0-1"]
[WhiteTitle "FM"]
[BlackTitle "WGM"]
[WhiteElo "2279"]
[BlackElo "2377"]
[WhiteFideId "2090732"]
[BlackFideId "13301918"]
[EventDate "2019.03.20"]

1. e4 e6 2. f4 d5 3. e5 c5 4. Nf3 Nc6 5. c3 Nh6 6. Na3 Nf5 7. Nc2 d4 8. Bd3 Be7
9. Qe2 h5 10. Be4 Bd7 11. Qd3 Qb6 12. b3 Rd8 13. Bb2 c4 14. Qxc4 Nxe5 15. Nxe5
Bb5 16. Bxf5 Bxc4 17. Nxc4 Qc6 18. Bh3 b5 19. Ne5 Qe4+ 20. Kd1 dxc3 21. Bxc3 b4
22. Bb2 Qxf4 23. Nc4 Bf6 24. Kc1 Bc3 25. Kb1 Bxd2 26. Bxg7 Bc3 27. Bxc3 bxc3 28.
a3 Qf2 29. Rc1 O-O 30. Ra2 Qc5 31. Ka1 Rb8 32. Nb4 a5 33. Na6 Qg5 34. Rxc3 Qf6
35. Kb2 Rbc8 36. g4 Rfd8 0-1

[Event "59th ch-USA w 2019"]
[Site "Saint Louis USA"]
[Date "2019.03.22"]
[Round "3.3"]
[White "Zatonskih, Anna"]
[Black "Feng, Maggie"]
[Result "1-0"]
[WhiteTitle "IM"]
[BlackTitle "FM"]
[WhiteElo "2430"]
[BlackElo "2199"]
[WhiteFideId "14101572"]
[BlackFideId "2078090"]
[EventDate "2019.03.20"]

1. Nf3 d5 2. d4 c5 3. e3 Nf6 4. c4 cxd4 5. exd4 g6 6. cxd5 Bg7 7. Bc4 O-O 8. Nc3
Nbd7 9. O-O Nb6 10. Bb3 Nbxd5 11. Re1 Re8 12. Ne5 Be6 13. Qf3 Qd6 14. Bd2 a6 15.
h3 Red8 16. Nd3 Nxc3 17. bxc3 Bxb3 18. axb3 b5 19. Nc5 Rdc8 20. b4 Nd5 21. Ra5
Nb6 22. Rea1 Nc4 23. Bf4 e5 24. Rxa6 Rxa6 25. Rxa6 Qd8 26. dxe5 Nxe5 27. Bxe5
Bxe5 28. g3 Qd2 29. Ra7 Rf8 30. Nd7 Qxc3 31. Qxc3 Bxc3 32. Nxf8 Kxf8 33. Rb7
Bxb4 34. Rxb5 Bd2 35. g4 h6 36. Kg2 Kg7 37. h4 Bc3 38. Kg3 Bd4 39. Rd5 Bc3 40.
Kf3 Kf6 41. Rb5 Kg7 42. h5 gxh5 43. Rxh5 Kg6 44. Ke4 Bb2 45. Kd5 Bc1 46. Ke4 Bb2
47. Rb5 Bc3 48. Rb6+ Kg7 49. Rc6 Be1 50. f3 Bd2 51. Kd5 Bf4 52. Ra6 Be3 53. Kd6
Bg5 54. Ke5 Bd2 55. f4 Bc3+ 56. Kd5 Bd2 57. f5 Bg5 58. Kd6 Kf6 59. Kd7+ Ke5 60.
Ke8 f6 61. Kf7 Kf4 62. Ra4+ Kg3 63. Kg6 Kh4 64. Rc4 Kg3 65. Kh5 Kf3 66. Rc8 Kf4
67. Rh8 Kf3 68. Rxh6 Bxh6 69. Kxh6 Kxg4 70. Kg6 Kh4 71. Kxf6 Kh5 72. Ke7 Kh6 73.
f6 Kh7 74. f7 1-0

[Event "59th ch-USA w 2019"]
[Site "Saint Louis USA"]
[Date "2019.03.22"]
[Round "3.4"]
[White "Nguyen, Emily"]
[Black "Wang, Annie"]
[Result "1/2-1/2"]
[WhiteTitle "WIM"]
[BlackTitle "FM"]
[WhiteElo "2143"]
[BlackElo "2304"]
[WhiteFideId "2054000"]
[BlackFideId "2053900"]
[EventDate "2019.03.20"]

1. d4 e6 2. e4 d5 3. exd5 exd5 4. Nf3 Nf6 5. Bd3 Bd6 6. O-O O-O 7. h3 h6 8. Nc3
Nc6 9. Nb5 Nb4 10. Nxd6 Qxd6 11. Ne5 Nxd3 12. Qxd3 Ne4 13. Bf4 Qf6 14. Bh2 Nd6
15. Rfe1 c6 16. Re2 Bf5 17. Qf3 Rad8 18. Rae1 Qh4 19. Qa3 Nb5 20. Nf3 Qf6 21.
Qe3 Be4 22. Ne5 Nd6 23. b3 Qh4 24. c3 Rfe8 25. Bg3 Qh5 26. Qd2 Re6 27. Nd3 Rf6
28. Nc5 Qg6 29. Nxe4 Nxe4 30. Rxe4 dxe4 31. Bh4 Rdd6 32. Bxf6 Rxf6 33. Qe3 Re6
34. c4 f5 35. Qf4 Rd6 36. Rd1 b6 37. Rd2 Kh7 38. d5 Qf6 39. dxc6 Rxd2 40. Qxd2
Qxc6 41. Kh2 1/2-1/2

[Event "59th ch-USA w 2019"]
[Site "Saint Louis USA"]
[Date "2019.03.22"]
[Round "3.5"]
[White "Sharevich, Anna"]
[Black "Gorti, Akshita"]
[Result "0-1"]
[WhiteTitle "WGM"]
[BlackTitle "FM"]
[WhiteElo "2282"]
[BlackElo "2272"]
[WhiteFideId "13503189"]
[BlackFideId "2072505"]
[EventDate "2019.03.20"]

1. d4 e6 2. c4 Nf6 3. g3 d5 4. Bg2 Be7 5. Nf3 O-O 6. O-O Nbd7 7. Qc2 c6 8. Nbd2
b6 9. b3 Bb7 10. Bb2 a5 11. e4 Rc8 12. Rad1 c5 13. exd5 exd5 14. dxc5 Bxc5 15.
Qb1 Qc7 16. cxd5 Bxd5 17. Nc4 Bxc4 18. bxc4 h6 19. Nh4 Ne5 20. Nf5 Rfe8 21. Qa1
Neg4 22. Bxf6 Nxf2 23. Bd4 Nxd1 24. Qxd1 Qe5 25. Bxc5 Qxc5+ 26. Kh1 Qe5 27. Bd5
Rc7 28. Qg4 Kh8 29. Qd4 Qxd4 30. Nxd4 f6 31. Rb1 Rb8 32. Nc6 Re8 33. a4 Re3 34.
Rxb6 Ra3 35. Ra6 Rxa4 36. Rxa5 Rxa5 37. Nxa5 g6 38. Nb3 Kg7 39. Nd4 Ra7 40. Ne6+
Kf7 41. Nf4+ Kg7 42. c5 f5 43. c6 Kf6 44. Bf3 g5 45. Nd3 g4 46. Bd5 Ke7 47. Nf4
Kd6 48. Kg2 Ra1 49. Kf2 Rc1 50. Ke3 Re1+ 51. Kd2 Re7 52. Bg2 Ra7 53. Kc3 Ra2 54.
Kd4 Rd2+ 55. Ke3 Ra2 56. Ne2 Ra3+ 57. Kd2 Ra2+ 58. Kd3 Rb2 59. Nf4 Ra2 60. Kc4
Rb2 61. Kc3 Rf2 62. Kd4 Rd2+ 63. Ke3 Rb2 64. h3 Rxg2 0-1

[Event "59th ch-USA w 2019"]
[Site "Saint Louis USA"]
[Date "2019.03.22"]
[Round "3.6"]
[White "Eswaran, Ashritha"]
[Black "Foisor, Sabina-Francesca"]
[Result "1-0"]
[WhiteTitle "WIM"]
[BlackTitle "WGM"]
[WhiteElo "2234"]
[BlackElo "2276"]
[WhiteFideId "2080788"]
[BlackFideId "1212915"]
[EventDate "2019.03.20"]

1. e4 d6 2. d4 Nf6 3. Nc3 g6 4. Nf3 Bg7 5. Be2 O-O 6. O-O a6 7. a4 Nc6 8. d5 Nb4
9. a5 e6 10. Bg5 h6 11. Bh4 g5 12. Bg3 exd5 13. exd5 Bd7 14. Bc4 Bb5 15. Nxb5
axb5 16. Bb3 Na6 17. Nd4 Nc5 18. Nf5 Qd7 19. Nxg7 Kxg7 20. Qd4 Rfe8 21. f4 Re4
22. Qd2 g4 23. f5 Rae8 24. Bf4 Ng8 25. f6+ Kh7 26. Bg3 Re2 27. Qd1 R8e4 28. Ba2
Kh8 29. Bb1 c6 30. c3 Re8 31. Bf5 Qd8 32. Bxg4 Rxb2 33. Bh5 Ne4 34. Qc1 Rd2 35.
Bxf7 Rf8 36. Bxg8 Kxg8 37. Re1 Qxf6 38. Rxe4 Rxg2+ 39. Kxg2 Qf3+ 40. Kg1 Qxe4
41. Qxh6 Qxd5 42. Qxd6 Qf5 43. Re1 Rf7 44. Qd4 Rd7 45. Qe5 Qxe5 46. Bxe5 Rd2 47.
Bd4 b4 48. Be3 Rb2 49. cxb4 Rxb4 50. Bb6 Kf7 51. Re7+ 1-0

[Event "59th ch-USA w 2019"]
[Site "Saint Louis USA"]
[Date "2019.03.23"]
[Round "4.1"]
[White "Yu, Jennifer"]
[Black "Nguyen, Emily"]
[Result "1-0"]
[WhiteTitle "FM"]
[BlackTitle "WIM"]
[WhiteElo "2273"]
[BlackElo "2143"]
[WhiteFideId "2078341"]
[BlackFideId "2054000"]
[EventDate "2019.03.20"]

1. e4 e5 2. Bc4 Nf6 3. d3 Nc6 4. Nf3 Bc5 5. O-O d6 6. c3 O-O 7. Bg5 Be6 8. Nbd2
a5 9. a4 Re8 10. Re1 d5 11. Bxf6 gxf6 12. exd5 Bxd5 13. Bxd5 Qxd5 14. Ne4 Be7
15. Nh4 Qe6 16. Qh5 Bf8 17. Nf5 Ne7 18. Nxe7+ Bxe7 19. Ng3 Kh8 20. Re4 f5 21.
Nxf5 Qg6 22. Qxg6 hxg6 23. Nxe7 Rxe7 24. d4 Rd8 25. f4 f6 26. fxe5 fxe5 27. Rae1
c5 28. Rxe5 Rxe5 29. dxe5 Kg7 30. e6 Kf6 31. e7 Re8 32. Kf2 1-0

[Event "59th ch-USA w 2019"]
[Site "Saint Louis USA"]
[Date "2019.03.23"]
[Round "4.2"]
[White "Zatonskih, Anna"]
[Black "Yip, Carissa"]
[Result "1-0"]
[WhiteTitle "IM"]
[BlackTitle "FM"]
[WhiteElo "2430"]
[BlackElo "2279"]
[WhiteFideId "14101572"]
[BlackFideId "2090732"]
[EventDate "2019.03.20"]

1. d4 Nf6 2. Nf3 g6 3. g3 Bg7 4. Bg2 O-O 5. c4 d5 6. O-O dxc4 7. Na3 Nc6 8. Nxc4
Be6 9. b3 Bd5 10. Bb2 a5 11. Ne3 Be4 12. a3 Qc8 13. Nc4 h6 14. Re1 Rd8 15. Ncd2
Qe6 16. Nxe4 Nxe4 17. Qc2 a4 18. bxa4 Na5 19. e3 Qc6 20. Rac1 Nd6 21. Bc3 Nac4
22. Bb4 Qxa4 23. Bxd6 Nxd6 24. Qxa4 Rxa4 25. Rxc7 Bf8 26. Ne5 Rxa3 27. Rb1 b5
28. Bf1 Rb8 29. Nd7 Rba8 30. Bxb5 Ra1 31. Rcc1 R1a2 32. Bc6 Rc8 33. Bd5 Rxc1+
34. Rxc1 Rb2 35. Ra1 Bg7 36. Ra8+ Kh7 37. Ra7 g5 38. Ne5 Rb5 39. Bc4 Rb1+ 40.
Kg2 Nxc4 41. Nxc4 Bf6 42. Nd2 Rb6 43. Ne4 Kg6 44. g4 e6 45. Rd7 Bg7 46. Nd6 f6
47. Nc8 Rb8 48. Ne7+ Kh7 49. d5 exd5 50. Nf5 Rg8 51. Rxd5 Bf8 52. Rd8 Rh8 53.
Ng3 Ba3 54. Rd7+ Kg6 55. Nh5 Bf8 56. Rb7 Rg8 57. e4 Bd6 58. h3 Be5 59. Kf3 Bd6
60. Kg2 Be5 61. h4 Bd6 62. Kh3 Be5 63. Rd7 Bb8 64. Rb7 Be5 65. Ng3 gxh4 66. Nh5
Kg5 67. Rb5 Kg6 68. f4 Rb8 69. Rxb8 Bxb8 70. Kxh4 Bc7 71. Kg3 Bb8 72. Kf3 Bc7
73. Ke3 Bb8 74. Kd4 Bc7 75. Kd5 Bb6 76. Ke6 Bd4 77. Ng3 Bb2 78. Nf5 h5 79. Ne7+
Kh6 80. Ng8+ Kg7 81. Nxf6 Bxf6 82. gxh5 Bc3 83. e5 Bb4 84. f5 Kh6 85. Kf7 Kg5
86. e6 Kxf5 87. h6 1-0

[Event "59th ch-USA w 2019"]
[Site "Saint Louis USA"]
[Date "2019.03.23"]
[Round "4.3"]
[White "Feng, Maggie"]
[Black "Wang, Annie"]
[Result "1/2-1/2"]
[WhiteTitle "FM"]
[BlackTitle "FM"]
[WhiteElo "2199"]
[BlackElo "2304"]
[WhiteFideId "2078090"]
[BlackFideId "2053900"]
[EventDate "2019.03.20"]

1. Nf3 d5 2. g3 c5 3. c4 d4 4. e3 Nc6 5. exd4 cxd4 6. d3 Nf6 7. Bg2 e5 8. O-O
Nd7 9. Na3 Be7 10. Nc2 O-O 11. a3 a5 12. Rb1 a4 13. Bd2 Nc5 14. Bb4 Bf5 15. Bxc5
Bxc5 16. b4 axb3 17. Rxb3 Qc7 18. Nb4 Nxb4 19. axb4 Be7 20. Re1 f6 21. Nh4 Be6
22. f4 Ra4 23. f5 Bf7 24. b5 Rfa8 25. Qf3 Qa5 26. Rbb1 Rb8 27. Qg4 Bb4 28. Red1
Bd2 29. Be4 Ra2 30. Ng2 Bc3 31. Qf3 Qb6 32. Rf1 Kf8 33. Rf2 Rxf2 34. Qxf2 Be8
35. Qa2 Qc5 36. Rb3 Bb4 37. Qa4 Bc3 38. Qa3 Qxa3 39. Rxa3 b6 40. Ra7 Rd8 41. Kf2
Rd7 42. Ra6 Ba5 43. c5 Rd8 44. c6 Rc8 45. Bd5 Rc7 46. Kf3 Ke7 47. Ke4 Kd6 48.
Ra8 Bh5 49. Rd8+ Ke7 50. Rh8 h6 51. Nh4 Kd6 52. Bc4 Bd2 53. Rb8 Ra7 54. Rxb6 Kc5
55. c7 Rxc7 56. Rb8 Bf7 57. Be6 Re7 58. b6 Bxe6 59. fxe6 Rxe6 60. b7 Kc6 61. Rg8
Kxb7 62. Rxg7+ Kb6 63. Rg6 Rc6 64. Nf5 Kb5 65. Ne7 Ra6 66. h4 Be3 67. g4 Bf2 68.
h5 Be3 69. Nf5 Bg5 70. Kd5 Ra3 71. Nxh6 Rxd3 72. Nf7 Bf4 73. Rxf6 Re3 74. Rxf4
exf4 75. Kxd4 Re7 76. Ng5 Re8 77. Nf3 Re3 78. Ng5 Rg3 79. Ne6 Rxg4 80. Ke4 Rh4
81. Nxf4 Kc5 82. Kf5 Kd6 83. Kg5 Rh1 84. h6 Ke5 85. Ng6+ Ke6 86. h7 Rxh7 87.
Nf8+ Kf7 88. Nxh7 Kg7 1/2-1/2

[Event "59th ch-USA w 2019"]
[Site "Saint Louis USA"]
[Date "2019.03.23"]
[Round "4.5"]
[White "Abrahamyan, Tatev"]
[Black "Sharevich, Anna"]
[Result "1-0"]
[WhiteTitle "WGM"]
[BlackTitle "WGM"]
[WhiteElo "2377"]
[BlackElo "2282"]
[WhiteFideId "13301918"]
[BlackFideId "13503189"]
[EventDate "2019.03.20"]

1. e4 c5 2. Nc3 e6 3. Nge2 a6 4. g3 Nc6 5. Bg2 d6 6. d4 cxd4 7. Nxd4 Bd7 8. O-O
h5 9. Re1 Be7 10. Nxc6 Bxc6 11. Ne2 h4 12. Nd4 hxg3 13. hxg3 Bd7 14. c4 Qc7 15.
b3 Bf6 16. Bb2 Ne7 17. Qd2 Qc5 18. Nf3 Bxb2 19. Qxb2 e5 20. Qd2 Rd8 21. Qg5 Kf8
22. Rad1 f6 23. Qe3 Qc7 24. Rd2 Kf7 25. Rc1 Be6 26. Ne1 g5 27. Rcd1 Nc6 28. Nc2
Bg4 29. Bf3 Be6 30. Qe2 Kg6 31. Qe3 Qh7 32. Rxd6 Qh2+ 33. Kf1 Nd4 34. R6xd4 exd4
35. Nxd4 Bh3+ 36. Ke1 Rhe8 37. Kd2 Bg2 38. Kc3 Bxf3 39. Qxf3 Qh5 40. g4 Qh2 41.
Rh1 Qf4 42. Qxf4 gxf4 43. f3 Rd7 44. Ne2 b5 45. Nxf4+ Kg7 46. Nd5 bxc4 47. bxc4
Rd6 48. Rb1 Kg6 49. c5 Rc6 50. Kd4 Kg5 51. Rb6 Rxb6 52. Nxb6 Kf4 53. c6 Kxf3 54.
c7 Rxe4+ 55. Kc5 Re8 56. Nd5 Rc8 57. Kd6 Kxg4 58. Nxf6+ Kf3 59. Nd5 Ke4 60. Nb6
Rh8 61. c8=Q Rxc8 62. Nxc8 Kd4 63. Nb6 Kc3 64. Kc5 Kb2 65. a4 Kb3 66. a5 1-0

[Event "59th ch-USA w 2019"]
[Site "Saint Louis USA"]
[Date "2019.03.23"]
[Round "4.6"]
[White "Gorti, Akshita"]
[Black "Eswaran, Ashritha"]
[Result "0-1"]
[WhiteTitle "FM"]
[BlackTitle "WIM"]
[WhiteElo "2272"]
[BlackElo "2234"]
[WhiteFideId "2072505"]
[BlackFideId "2080788"]
[EventDate "2019.03.20"]

1. d4 Nf6 2. c4 e6 3. Nc3 c5 4. d5 exd5 5. cxd5 d6 6. Nf3 g6 7. Bf4 a6 8. Nd2
Nh5 9. Be3 Bg7 10. a4 f5 11. Nc4 O-O 12. Qb3 f4 13. Bd2 Qe7 14. e3 Nd7 15. a5
Ne5 16. Nb6 Rb8 17. O-O-O Ng4 18. exf4 Nxf2 19. Re1 Qh4 20. Nxc8 Rfxc8 21. Rg1
Qxh2 22. Bc4 Nxf4 23. Bxf4 Qxf4+ 24. Kb1 Re8 25. Ka1 Ne4 26. Nxe4 Rxe4 27. Rxe4
Qxe4 28. Bxa6 Ra8 29. Qxb7 Qe8 30. Qb6 Qa4+ 31. Kb1 Qe4+ 32. Ka1 Qd4 33. Rf1 h5 0-1